000 00543nam a2200181Ia 4500
003 GCL
008 140319s9999 xx 000 0 ara d
040 _aGCL /
_cGCL
082 0 4 _a843.03
_bف ق
100 1 _aطه حسين
245 1 0 _aالقدر (هدية من مكتبة الاديب عبدالفتاح الجمل) /
_cطه حسين
700 1 _aفولتير
300 _a129 ص
490 _aكتب للجميع
_v0
650 0 4 _aالقصص الفرنسية
650 0 4 _aالادب الفرنسى المترجم
942 _2ddc
_cBK
999 _c39017
_d39017